Spell the Fantastic Four Member #12 - Statistics

General Stats
  • This quiz has been taken 18 times
  • The average score is 4 of 5
Answer Stats
Picture Answer % Correct
Uatu the Watcher
100%
Luke Cage
94%
H.E.R.B.I.E.
88%
Hulk
71%
Karnak
53%
No matching quizzes found
Score Distribution
Percent of People with Each Score
Percentile by Number Answered
Your Score History
You have not taken this quiz